|
|
|
|
| LEADER |
00000nam0a2200000 4500 |
| 001 |
36301 |
| 005 |
20231101210349.0 |
| 035 |
|
|
|a (RuTPU)RU\TPU\book\36771
|
| 090 |
|
|
|a 36301
|
| 100 |
|
|
|a 20011210d1978 m y0rusy50 ca
|
| 101 |
0 |
|
|a rus
|
| 102 |
|
|
|a RU
|
| 105 |
|
|
|a a j 001zy
|
| 200 |
1 |
|
|a Основы химической термодинамики
|e учебное пособие
|f Е. Н. Еремин
|
| 205 |
|
|
|a 2-е изд., испр. и доп.
|
| 210 |
|
|
|a Москва
|c Высшая школа
|d 1978
|
| 215 |
|
|
|a 391 с.
|c ил.
|
| 320 |
|
|
|a Список лит.: с. 387-388.
|
| 453 |
|
1 |
|0 (RuTPU)RU\TPU\retro\23473
|t Основы химической термодинамики
|l Fundamentals of Chemical Thermodynamics
|o [учебное пособие]
|f Е. Н. Еремин
|g пер. А. Бекназарова
|c Москва
|n Мир
|d 1981
|p 438 с.
|a Еремин, Евгений Николаевич
|
| 606 |
1 |
|
|a Термодинамика химическая
|2 stltpush
|3 (RuTPU)RU\TPU\subj\70428
|9 84689
|
| 610 |
1 |
|
|a статистика
|
| 610 |
1 |
|
|a теория
|
| 610 |
1 |
|
|a расчеты
|
| 610 |
1 |
|
|a учебные пособия
|
| 610 |
1 |
|
|a (?, n)-реакции
|
| 610 |
1 |
|
|a библиотека А. Г. Стромберга
|
| 675 |
|
|
|a 544.3(075.8)
|v 3
|
| 700 |
|
1 |
|a Еремин
|b Е. Н.
|g Евгений Николаевич
|
| 801 |
|
0 |
|a RU
|b 63413507
|c 20011210
|g PSBO
|
| 801 |
|
2 |
|a RU
|b 63413507
|c 20220131
|g PSBO
|
| 900 |
|
|
|a Спецкурс 58
|
| 942 |
|
|
|c BK
|